Agenda joven universitaria: una propuesta joven sobre los temas de educación, desarrollo social y democracia participativa /
Guardado en:
| Autores Corporativos: | , , , , , |
|---|---|
| Formato: | Texto |
| Publicado: |
San José:
Persona Joven. CONARE. Colegio de las Américas. Organización de los Estados Americanos
|
| Materias: | |
| Etiquetas: |
Agregar Etiqueta
Sin Etiquetas, Sea el primero en etiquetar este registro!
|
MARC
| LEADER | 00000 a a2200000 04500 | ||
|---|---|---|---|
| 001 | 35291 | ||
| 003 | |||
| 040 | |||
| 090 | |a 1002 C755a | ||
| 110 | |a Consejo Nacional de Rectores | ||
| 245 | |a Agenda joven universitaria: una propuesta joven sobre los temas de educación, desarrollo social y democracia participativa / |c Consejo Nacional de Rectores | ||
| 260 | |a San José: |b Persona Joven. CONARE. Colegio de las Américas. Organización de los Estados Americanos | ||
| 300 | |a 84 p. | ||
| 650 | |a UNIVERSITARIOS NO DIPLOMADOS | ||
| 650 | |a JUVENTUD | ||
| 650 | |a EDUCACION | ||
| 650 | |a DESARROLLO SOCIAL | ||
| 650 | |a DEMOCRACIA PARTICIPATIVA | ||
| 650 | |a PARTICIPACION SOCIAL | ||
| 710 | |a CONARE | ||
| 710 | |a Organización de Estados Americanos | ||
| 710 | |a OEA | ||
| 710 | |a Colegio de las Américas | ||
| 710 | |a COLAM | ||
| 999 | |c 12410 |d 12410 | ||
